|
|
|
|
| LEADER |
00000nam2a2200000 4500 |
| 001 |
582468 |
| 005 |
20231101130902.0 |
| 035 |
|
|
|a (RuTPU)RU\TPU\prd\282866
|
| 090 |
|
|
|a 582468
|
| 100 |
|
|
|a 20190201b1912 k y0rusy50 ca
|
| 101 |
0 |
|
|a rus
|
| 102 |
|
|
|a RU
|
| 200 |
0 |
|
|a № 1-24
|
| 210 |
|
|
|d 1912
|
| 215 |
|
|
|a 688 с.
|
| 300 |
|
|
|a Напечатано гражданским шрифтом
|
| 316 |
|
|
|5 63413507: П-801
|a Отсутствуют с. 45,109-110
|
| 316 |
|
|
|5 63413507: П-801
|a На с. 1 владельческий штамп-экслибрис: "Библиотека Томского технологического института"
|
| 316 |
|
|
|5 63413507: П-801
|a На с. 1, 51, 57, 79, 115, 171, 193, 231, 253, 279, 285, 301 владельческий штамп-экслибрис: "Томский студенческий технический кружок"
|
| 316 |
|
|
|5 63413507: П-801
|a На с. 337, 457 владельческий штамп-экслибрис: "Библиотека студенческого кружка г. Томск"
|
| 461 |
|
1 |
|0 (RuTPU)RU\TPU\prd\969
|t Золото и Платина
|o научно-технический журнал
|v № 1-24
|d 1906-1916
|
| 801 |
|
0 |
|a RU
|b 63413507
|c 20010227
|g PSBO
|
| 801 |
|
1 |
|a RU
|b 63413507
|c 20020301
|g PSBO
|
| 801 |
|
2 |
|a RU
|b 63413507
|c 20190204
|g PSBO
|
| 942 |
|
|
|c BK
|
| 999 |
|
|
|a НТБ_ТПУ
|b РФ
|e -11/20190109
|p П-801
|u 0,00
|v 1
|y 13821000804284
|